| 000 | 00579 a2200169 4500 | ||
|---|---|---|---|
| 020 | _a9812530959 | ||
| 040 |
_aDLC _bDLC |
||
| 082 | _a005.10684 THA | ||
| 245 |
_aSoftware engineering project management _cedited by Richard H. Thayer foreword by Edward Yourdon. |
||
| 250 | _a2nd ed. | ||
| 260 |
_aLos Alamitos, Calif. : _bIEEE Computer Society, _cc1997. |
||
| 300 |
_axviii, 531 p. : _bill. ; _c28 cm. |
||
| 500 | _aIncludes bibliographical references and index. | ||
| 650 | _aSoftware engineering --Management. | ||
| 700 | _aThayer, Richard H. | ||
| 942 |
_cBK _k005.10684 THA _2ddc |
||
| 999 |
_c5824 _d5824 |
||